Journalism and Mass Communication Quarterly /
Journalism and Mass Communication Quarterly es la revista académica de mayor relevancia de la Association for Education in Journalism and Mass Communication (AEJMC) y una de las publicaciones fundamentales en el campo de los estudios de la comunicación. Fundada en 1924, JMCQ es la publicación cientí...
Guardado en:
| Formato: | Seriadas |
|---|---|
| Idioma: | Inglés |
| Publicado: |
Los Angeles, EUA : Columbia, EUA :
Sage ; Association for Education in Journalism and Mass Communication,
2016
|
| Temas: | |
| Etiquetas: |
Sin etiquetas, Sé el primero en etiquetar este registro!
|
MARC
| LEADER | 00000nas^a2200000^a^4500 | ||
|---|---|---|---|
| 001 | 000372930 | ||
| 005 | 20260415162954.0 | ||
| 009 | 20260415193735.297 | ||
| 022 | |a 1077-6990 | ||
| 037 | |a Acervo ITESO - Biblioteca | ||
| 041 | |a ING | ||
| 094 | |a 1201 | ||
| 245 | 0 | 0 | |a Journalism and Mass Communication Quarterly / |
| 264 | 1 | |a Los Angeles, EUA : |b Sage ; |a Columbia, EUA : |b Association for Education in Journalism and Mass Communication, |c 2016 | |
| 300 | |a volúmenes | ||
| 310 | |a Trimestral | ||
| 336 | |a texto |b txt |2 rdacontenido | ||
| 337 | |a sin mediación |b n |2 rdamedio | ||
| 338 | |a volumen |b nc |2 rdasoporte | ||
| 362 | 0 | |a V. 93, N° 1 (primavera 2016)-V. 93, N° 4 (invierno 2016) | |
| 520 | |a Journalism and Mass Communication Quarterly es la revista académica de mayor relevancia de la Association for Education in Journalism and Mass Communication (AEJMC) y una de las publicaciones fundamentales en el campo de los estudios de la comunicación. Fundada en 1924, JMCQ es la publicación científica arbitrada más antigua dedicada al estudio de la comunicación masiva, lo que le otorga un papel histórico y de liderazgo intelectual dentro de la disciplina. Con periodicidad trimestral y un riguroso proceso de arbitraje académico, la revista se distingue por la alta calidad e impacto de sus investigaciones. Entre sus contenidos difunde artículos originales y reseñas de libros sobre temas como, los avances teóricos y metodológicos en periodismo y comunicación, la comunicación internacional, las tecnologías mediáticas y su relación con la sociedad, la publicidad y las relaciones públicas, la historia del periodismo, el derecho y las políticas de medios, la gestión y economía de los medios, así como la comunicación política y la comunicación en salud. La publicación se perfila como una fuente esencial para la investigación, la docencia y el análisis crítico en estudios de comunicación y periodismo. La hemeroteca de la Biblioteca ITESO conserva únicamente los fascículos impresos de esta revista publicados en 2016. | ||
| 599 | |a No vigente | ||
| 649 | |a XX | ||
| 650 | |a Publicidad - |x Publicaciones Periódicas Norteamericanas | ||
| 650 | |a Tecnologías de Comunicación e Información - |x Publicaciones Periódicas Norteamericanas | ||
| 650 | |a Periodismo - |x Publicaciones Periódicas Norteamericanas - |x Tema Principal | ||
| 650 | |a Medios de Comunicación - |x Publicaciones Periódicas Norteamericanas | ||
| 650 | |a Comunicación Masiva - |x Publicaciones Periódicas Norteamericanas - |x Tema Principal | ||
| 650 | |a Comunicación - |x Publicaciones Periódicas Norteamericanas | ||
| 650 | |a Publicaciones Periódicas Norteamericanas | ||
| 910 | |a Fondo General | ||
| 920 | |a Impresos - Publicaciones Periódicas | ||
| 905 | |a 105 | ||
| 902 | |a https://opac.biblio.iteso.mx/vufind/Record/000372930 | ||